000
00248nam a2200097Ia 4500
005
20251222114414.0
008
251222s1900||||xx |||||||||||||| ||spa||
082
_a
DVD0070/G43/1993
245
4
_a
The man without a face:El hombre sin rostro
942
_c
DVD
999
_c
2138
_d
2138